Principles of financial management: Corporate finance, investments and macrofinance (Record no. 28028)
[ view plain ]
| 000 -LEADER | |
|---|---|
| fixed length control field | 00371nam a2200121Ia 4500 |
| 082 ## - DEWEY DECIMAL CLASSIFICATION NUMBER | |
| Classification number | 658.15 |
| Item number | FRI |
| 100 ## - MAIN ENTRY--AUTHOR NAME | |
| Personal name | Friedland, Seymour |
| 245 #0 - TITLE STATEMENT | |
| Title | Principles of financial management: Corporate finance, investments and macrofinance |
| 490 ## - SERIES STATEMENT | |
| Series statement | Massachusetts Winthrop 1978 |
| 650 ## - SUBJECT ADDED ENTRY--TOPICAL TERM | |
| Topical Term | Financial management |
| 942 ## - ADDED ENTRY ELEMENTS (KOHA) | |
| Koha item type | Books |
| Withdrawn status | Lost status | Damaged status | Not for loan | Home library | Current library | Date acquired | Cost, normal purchase price | Full call number | Accession Number | Koha item type |
|---|---|---|---|---|---|---|---|---|---|---|
| RRII Library | RRII Library | 16/12/2021 | 14.95 | 658.15 FRI | 08643 | Books |